[Event "European School Championships"]
[Site "Rhodes, Greece"]
[Date "2022.04.28"]
[Round "8.1"]
[White "Sozat, Arda"]
[Black "Stathatos, Alexandros"]
[Result "1/2-1/2"]
[WhiteElo "1591"]
[BlackElo "1815"]
[PlyCount "119"]
[EventDate "2022.04.21"]
[EventRounds "9"]

1. e4 {[%emt 0:00:05]} c5 {[%emt 0:00:10]} 2. Nf3 {[%emt 0:00:12]} Nc6 {
[%emt 0:00:05]} 3. d4 {[%emt 0:00:05]} cxd4 {[%emt 0:00:04]} 4. Nxd4 {[%emt 0:
00:01]} g6 {[%emt 0:00:09]} 5. c4 {[%emt 0:00:08]} Bg7 {[%emt 0:00:04]} 6. Be3
{[%emt 0:00:01]} Nf6 {[%emt 0:00:17]} 7. Nc3 {[%emt 0:00:01]} d6 {[%emt 0:00:
16]} 8. Be2 {[%emt 0:00:05]} O-O {[%emt 0:00:06]} 9. O-O {[%emt 0:00:03]} Bd7 {
[%emt 0:00:15]} 10. h3 {[%emt 0:00:05]} Nxd4 {[%emt 0:00:50]} 11. Bxd4 {
[%emt 0:00:06]} Bc6 {[%emt 0:01:44]} 12. b4 {[%emt 0:01:26]} e5 {[%emt 0:03:25]
} 13. Be3 {[%emt 0:00:38]} Nxe4 {[%emt 0:00:31]} 14. Nxe4 {[%emt 0:26:58]} Bxe4
{[%emt 0:00:02]} 15. f3 {[%emt 0:00:22]} Bf5 {[%emt 0:01:18]} 16. Qd5 {[%emt 0:
03:31]} Qc7 {[%emt 0:05:42]} 17. Rfd1 {[%emt 0:00:28]} Rfd8 {[%emt 0:00:26]}
18. Rac1 {[%emt 0:07:54]} Be6 {[%emt 0:05:27]} 19. Qb5 {[%emt 0:00:45]} b6 {
[%emt 0:14:31]} 20. c5 {[%emt 0:16:08]} bxc5 {[%emt 0:09:46]} 21. bxc5 {
[%emt 0:00:31]} dxc5 {[%emt 0:06:56]} 22. Rxd8+ {[%emt 0:05:06]} Qxd8 {[%emt 0:
03:28]} 23. Qxc5 {[%emt 0:08:53]} Bxa2 {[%emt 0:05:24]} 24. Ra1 {[%emt 0:00:21]
} Be6 {[%emt 0:02:20]} 25. Rxa7 {[%emt 0:01:28]} Rxa7 {[%emt 0:01:12]} 26. Qxa7
{[%emt 0:00:02]} h6 {[%emt 0:01:52]} 27. Qb6 {[%emt 0:02:11]} Qd5 {[%emt 0:01:
55]} 28. Qb1 {[%emt 0:01:24]} Kh7 {[%emt 0:02:02]} 29. Qd3 {[%emt 0:00:30]} Qa5
{[%emt 0:00:49]} 30. Qd2 {[%emt 0:00:20]} Qa3 {[%emt 0:01:25]} 31. Qd3 {
[%emt 0:00:56]} Qa4 {[%emt 0:01:02]} 32. Qa6 {[%emt 0:06:15]} Qh4 {[%emt 0:00:
40]} 33. Bf2 {[%emt 0:01:15]} Qf4 {[%emt 0:01:20]} 34. Qd3 {[%emt 0:00:36]} Bf5
{[%emt 0:00:18]} 35. Qe3 {[%emt 0:00:17]} Qb4 {[%emt 0:00:21]} 36. Bd3 {
[%emt 0:00:44]} Be6 {[%emt 0:01:27]} 37. Qc5 {[%emt 0:05:25]} Qd2 {[%emt 0:01:
34]} 38. Qc2 {[%emt 0:00:13]} Qf4 {[%emt 0:00:07]} 39. Qc5 {[%emt 0:00:49]} Bf6
{[%emt 0:04:54]} 40. Be3 {[%emt 0:00:45]} Qg3 {[%emt 0:01:17]} 41. Bf2 {
[%emt 0:00:10]} Qg5 {[%emt 0:00:08]} 42. Qe3 {[%emt 0:00:33]} Qxe3 {[%emt 0:00:
20]} 43. Bxe3 {[%emt 0:00:02]} Kg7 {[%emt 0:00:17]} 44. Kf2 {[%emt 0:00:34]}
Be7 {[%emt 0:00:32]} 45. f4 {[%emt 0:00:32]} exf4 {[%emt 0:00:09]} 46. Bxf4 {
[%emt 0:00:02]} f5 {[%emt 0:00:30]} 47. Be5+ {[%emt 0:00:40]} Bf6 {[%emt 0:00:
55]} 48. Bxf6+ {[%emt 0:02:15]} Kxf6 {[%emt 0:00:02]} 49. h4 {[%emt 0:00:27]}
Ke5 {[%emt 0:00:22]} 50. g3 {[%emt 0:00:28]} Kd4 {[%emt 0:00:16]} 51. Bb5 {
[%emt 0:00:23]} Bf7 {[%emt 0:00:05]} 52. Bd7 {[%emt 0:00:17]} Ke5 {[%emt 0:00:
06]} 53. Bc6 {[%emt 0:00:06]} f4 {[%emt 0:00:30]} 54. Bf3 {[%emt 0:00:45]} Be6
{[%emt 0:01:17]} 55. Bd1 {[%emt 0:00:22]} Bf5 {[%emt 0:00:45]} 56. Be2 {
[%emt 0:00:23]} g5 {[%emt 0:01:19]} 57. hxg5 {[%emt 0:00:08]} hxg5 {[%emt 0:00:
04]} 58. gxf4+ {[%emt 0:00:06]} Kxf4 {[%emt 0:00:03]} 59. Bd1 {[%emt 0:00:13]}
g4 {[%emt 0:00:02]} 60. Bxg4 {[%emt 0:00:03]} 1/2-1/2

[Event "European School Championships"]
[Site "Rhodes, Greece"]
[Date "2022.04.28"]
[Round "8.2"]
[White "Gurer, Oguz Kagan"]
[Black "Morkunas, Gustas"]
[Result "1/2-1/2"]
[WhiteElo "1690"]
[BlackElo "1938"]
[PlyCount "78"]
[EventDate "2022.04.21"]
[EventRounds "9"]

1. e4 c5 {[%emt 0:00:11]} 2. Nf3 {[%emt 0:00:04]} e6 {[%emt 0:00:05]} 3. g3 {
[%emt 0:00:06]} d5 {[%emt 0:00:31]} 4. exd5 {[%emt 0:00:02]} exd5 {[%emt 0:00:
14]} 5. d4 {[%emt 0:00:04]} cxd4 {[%emt 0:00:20]} 6. Bg2 {[%emt 0:00:05]} Nc6 {
[%emt 0:04:38]} 7. O-O {[%emt 0:00:08]} Bc5 {[%emt 0:07:17]} 8. Nbd2 {[%emt 0:
00:05]} Nge7 {[%emt 0:01:32]} 9. Nb3 {[%emt 0:00:10]} Bb6 {[%emt 0:00:21]} 10.
Nfxd4 {[%emt 0:01:09]} Nxd4 {[%emt 0:02:07]} 11. Nxd4 {[%emt 0:00:01]} h6 {
[%emt 0:01:29]} 12. Be3 {[%emt 0:05:02]} O-O {[%emt 0:06:29]} 13. Qd2 {[%emt 0:
02:52]} Nc6 {[%emt 0:06:58]} 14. Rad1 {[%emt 0:09:37]} Be6 {[%emt 0:10:56]} 15.
c3 {[%emt 0:05:36]} Qf6 {[%emt 0:06:16]} 16. Ne2 {[%emt 0:15:49]} Ne5 {[%emt 0:
09:03]} 17. Bd4 {[%emt 0:10:17]} Bxd4 {[%emt 0:07:13]} 18. Qxd4 {[%emt 0:01:12]
} Nf3+ {[%emt 0:11:23]} 19. Bxf3 {[%emt 0:00:22]} Qxf3 {[%emt 0:00:01]} 20. Nf4
{[%emt 0:01:31]} Bf5 {[%emt 0:03:32]} 21. Qe3 {[%emt 0:04:28]} Qxe3 {[%emt 0:
03:53]} 22. fxe3 {[%emt 0:00:01]} Be4 {[%emt 0:00:49]} 23. Rd4 {[%emt 0:01:21]}
Rae8 {[%emt 0:04:04]} 24. Kf2 {[%emt 0:00:40]} Re5 {[%emt 0:00:37]} 25. Rfd1 {
[%emt 0:01:56]} Rfe8 {[%emt 0:00:19]} 26. Nxd5 {[%emt 0:08:17]} Bxd5 {[%emt 0:
00:02]} 27. Rxd5 Rxe3 {[%emt 0:00:03]} 28. R1d2 {[%emt 0:01:49]} R8e7 {[%emt 0:
01:36]} 29. Rd7 {[%emt 0:02:17]} Re2+ {[%emt 0:01:03]} 30. Rxe2 {[%emt 0:01:26]
} Rxd7 {[%emt 0:00:10]} 31. Re8+ {[%emt 0:00:46]} Kh7 {[%emt 0:00:07]} 32. Ke2
{[%emt 0:01:11]} Kg6 {[%emt 0:01:04]} 33. b4 {[%emt 0:02:06]} Kf5 {[%emt 0:03:
07]} 34. h3 {[%emt 0:00:15]} h5 {[%emt 0:01:14]} 35. Re3 {[%emt 0:01:18]} f6 {
[%emt 0:03:22]} 36. a4 {[%emt 0:06:45]} g5 {[%emt 0:01:25]} 37. Rd3 {[%emt 0:
09:46]} Re7+ {[%emt 0:00:35]} 38. Kf2 {[%emt 0:00:39]} Rc7 {[%emt 0:01:11]} 39.
Ke2 {[%emt 0:02:49]} Re7+ {[%emt 0:00:20]} 1/2-1/2

[Event "European School Championships"]
[Site "Rhodes, Greece"]
[Date "2022.04.28"]
[Round "8.3"]
[White "Tabatadze, Erekle"]
[Black "Sakmak, Kutay"]
[Result "1-0"]
[WhiteElo "1557"]
[BlackElo "1718"]
[PlyCount "61"]
[EventDate "2022.04.21"]
[EventRounds "9"]

1. d4 {[%emt 0:00:02]} Nf6 {[%emt 0:00:09]} 2. c4 {[%emt 0:00:08]} e6 {[%emt 0:
00:03]} 3. Nc3 {[%emt 0:00:06]} Bb4 {[%emt 0:00:04]} 4. e3 {[%emt 0:00:06]} b6
{[%emt 0:00:04]} 5. Bd3 {[%emt 0:00:40]} Bb7 {[%emt 0:00:06]} 6. Nf3 {[%emt 0:
01:30]} O-O {[%emt 0:00:14]} 7. O-O {[%emt 0:00:06]} d5 {[%emt 0:00:02]} 8.
cxd5 {[%emt 0:00:29]} exd5 {[%emt 0:00:06]} 9. Qe2 {[%emt 0:02:39]} Re8 {
[%emt 0:04:24]} 10. Bd2 {[%emt 0:03:07]} Bf8 {[%emt 0:00:36]} 11. Ne5 {[%emt 0:
01:47]} c5 {[%emt 0:18:05]} 12. Rac1 {[%emt 0:03:24]} Nc6 {[%emt 0:04:21]} 13.
Nxc6 {[%emt 0:01:11]} Bxc6 {[%emt 0:00:29]} 14. dxc5 {[%emt 0:00:41]} d4 {
[%emt 0:03:22]} 15. Nb5 {[%emt 0:06:39]} bxc5 {[%emt 0:54:37]} 16. Nxd4 {
[%emt 0:02:01]} Bxg2 {[%emt 0:00:39]} 17. Kxg2 {[%emt 0:00:05]} cxd4 {[%emt 0:
00:05]} 18. e4 {[%emt 0:00:34]} Rb8 {[%emt 0:06:39]} 19. b3 {[%emt 0:09:40]} h6
{[%emt 0:05:53]} 20. Rc6 {[%emt 0:08:43]} Bb4 {[%emt 0:04:10]} 21. Bf4 {
[%emt 0:07:25]} Rb7 {[%emt 0:05:32]} 22. Qf3 {[%emt 0:03:33]} Nh7 {[%emt 0:11:
41]} 23. Kh1 {[%emt 0:07:15]} Rb6 {[%emt 0:03:15]} 24. Rc4 {[%emt 0:02:12]} Bd6
{[%emt 0:04:07]} 25. e5 {[%emt 0:03:44]} Bxe5 {[%emt 0:03:16]} 26. Bxh7+ {
[%emt 0:00:18]} Kxh7 {[%emt 0:00:04]} 27. Qe4+ {[%emt 0:00:15]} Kh8 {[%emt 0:
01:32]} 28. Bxe5 {[%emt 0:00:10]} f6 {[%emt 0:00:22]} 29. Bc7 {[%emt 0:01:00]}
Qd7 {[%emt 0:00:36]} 30. Rxd4 {[%emt 0:01:31]} Qc8 {[%emt 0:01:11]} 31. Qxe8+ {
[%emt 0:00:14]} 1-0

[Event "European School Championships"]
[Site "Rhodes, Greece"]
[Date "2022.04.28"]
[Round "8.4"]
[White "Keber, Aljosa"]
[Black "Kostov, Troyan"]
[Result "1-0"]
[WhiteElo "1511"]
[BlackElo "1439"]
[PlyCount "71"]
[EventDate "2022.04.21"]
[EventRounds "9"]

1. e4 {[%emt 0:00:02]} e5 {[%emt 0:00:04]} 2. Nf3 {[%emt 0:00:05]} Nc6 {
[%emt 0:00:03]} 3. Bb5 {[%emt 0:00:04]} a6 {[%emt 0:00:05]} 4. Ba4 {[%emt 0:00:
05]} Nf6 {[%emt 0:00:13]} 5. O-O {[%emt 0:00:08]} b5 {[%emt 0:00:31]} 6. Bb3 {
[%emt 0:00:05]} d6 {[%emt 0:00:12]} 7. c3 {[%emt 0:00:45]} Be7 {[%emt 0:00:36]}
8. h3 {[%emt 0:02:07]} Bb7 {[%emt 0:04:38]} 9. Re1 {[%emt 0:00:49]} O-O {
[%emt 0:00:31]} 10. d4 {[%emt 0:01:49]} h6 {[%emt 0:02:59]} 11. Nbd2 {[%emt 0:
01:43]} Re8 {[%emt 0:03:54]} 12. Nf1 {[%emt 0:05:13]} Bf8 {[%emt 0:08:02]} 13.
Ng3 {[%emt 0:03:49]} Qd7 {[%emt 0:13:01]} 14. Nh4 {[%emt 0:06:08]} Rad8 {
[%emt 0:07:49]} 15. d5 {[%emt 0:22:43]} Nb8 {[%emt 0:11:08]} 16. Nhf5 {[%emt 0:
09:30]} c6 {[%emt 0:09:29]} 17. Qf3 {[%emt 0:12:48]} Nh7 {[%emt 0:08:13]} 18.
h4 cxd5 {[%emt 0:03:07]} 19. exd5 {[%emt 0:00:17]} f6 {[%emt 0:02:13]} 20. Qe4
{[%emt 0:04:48]} Qf7 {[%emt 0:04:24]} 21. Rd1 {[%emt 0:03:38]} Kh8 {[%emt 0:02:
36]} 22. Bc2 {[%emt 0:00:54]} Qg8 {[%emt 0:01:15]} 23. h5 {[%emt 0:06:14]} Nd7
{[%emt 0:03:39]} 24. Nh4 {[%emt 0:00:28]} g5 {[%emt 0:03:40]} 25. hxg6 {
[%emt 0:02:47]} Ng5 {[%emt 0:00:32]} 26. Bxg5 {[%emt 0:00:26]} fxg5 {[%emt 0:
00:51]} 27. Nf3 {[%emt 0:01:52]} Nc5 {[%emt 0:03:11]} 28. Qg4 {[%emt 0:00:49]}
Bxd5 {[%emt 0:01:10]} 29. Nxg5 {[%emt 0:02:34]} hxg5 {[%emt 0:02:15]} 30. Qh5+
{[%emt 0:01:09]} Kg7 {[%emt 0:00:41]} 31. Rxd5 {[%emt 0:00:23]} Kf6 {[%emt 0:
04:04]} 32. Qf3+ {[%emt 0:00:49]} Ke7 {[%emt 0:01:37]} 33. Rad1 {[%emt 0:01:09]
} Kd7 {[%emt 0:00:33]} 34. Rxc5 {[%emt 0:00:17]} Qxa2 {[%emt 0:01:24]} 35. Qb7+
{[%emt 0:00:12]} Ke6 {[%emt 0:00:15]} 36. Qf7# {[%emt 0:00:05]} 1-0

[Event "European School Championships"]
[Site "Rhodes, Greece"]
[Date "2022.04.28"]
[Round "8.5"]
[White "Hobson, Kenneth"]
[Black "Dasgupta, Avyukt"]
[Result "1-0"]
[WhiteElo "1674"]
[BlackElo "1748"]
[PlyCount "43"]
[EventDate "2022.04.21"]
[EventRounds "9"]

1. e4 {[%emt 0:00:01]} e6 {[%emt 0:00:10]} 2. d4 {[%emt 0:00:21]} d5 {[%emt 0:
00:35]} 3. Nc3 {[%emt 0:00:06]} dxe4 {[%emt 0:00:11]} 4. Nxe4 {[%emt 0:00:07]}
Bd7 {[%emt 0:00:05]} 5. Nf3 {[%emt 0:00:40]} Bc6 {[%emt 0:00:04]} 6. Bd3 {
[%emt 0:00:06]} Nd7 {[%emt 0:00:04]} 7. Qe2 {[%emt 0:00:27]} Ngf6 {[%emt 0:00:
19]} 8. Neg5 {[%emt 0:02:36]} Bxf3 {[%emt 0:12:20]} 9. Qxf3 {[%emt 0:06:35]} c6
{[%emt 0:00:42]} 10. Be3 {[%emt 0:02:42]} Be7 {[%emt 0:09:49]} 11. O-O-O {
[%emt 0:05:26]} O-O {[%emt 0:05:38]} 12. Kb1 {[%emt 0:03:01]} g6 {[%emt 0:06:
19]} 13. h4 {[%emt 0:22:53]} Nh5 14. Nxh7 {[%emt 0:04:54]} Kxh7 {[%emt 0:02:53]
} 15. Qxh5+ {[%emt 0:02:10]} Kg8 {[%emt 0:00:10]} 16. Qh6 {[%emt 0:09:50]} Nf6
{[%emt 0:01:22]} 17. h5 {[%emt 0:01:59]} Ng4 {[%emt 0:00:11]} 18. Qf4 {[%emt 0:
00:09]} Nxe3 {[%emt 0:00:11]} 19. fxe3 {[%emt 0:07:08]} Bg5 {[%emt 0:00:42]}
20. Qh2 {[%emt 0:01:27]} Qf6 {[%emt 0:00:46]} 21. hxg6 {[%emt 0:00:44]} fxg6 {
[%emt 0:00:17]} 22. Qh7# {[%emt 0:00:09]} 1-0

[Event "European School Championships"]
[Site "Rhodes, Greece"]
[Date "2022.04.28"]
[Round "8.6"]
[White "Ball, Charlie"]
[Black "Hasanli, Ziya"]
[Result "0-1"]
[WhiteElo "1272"]
[BlackElo "1555"]
[PlyCount "52"]
[EventDate "2022.04.21"]
[EventRounds "9"]

1. e4 {[%emt 0:00:01]} c5 {[%emt 0:00:08]} 2. d4 {[%emt 0:00:03]} cxd4 {
[%emt 0:00:11]} 3. c3 {[%emt 0:00:04]} dxc3 {[%emt 0:00:19]} 4. Nxc3 {[%emt 0:
00:05]} Nc6 {[%emt 0:00:21]} 5. Nf3 {[%emt 0:00:04]} e6 {[%emt 0:00:10]} 6. Bc4
{[%emt 0:00:05]} Bb4 {[%emt 0:00:06]} 7. Bd2 {[%emt 0:01:27]} Nge7 {[%emt 0:00:
35]} 8. O-O {[%emt 0:00:47]} O-O {[%emt 0:00:33]} 9. Nb5 {[%emt 0:05:49]} Bxd2
{[%emt 0:03:36]} 10. Qxd2 {[%emt 0:02:59]} d5 {[%emt 0:00:50]} 11. exd5 {
[%emt 0:04:05]} exd5 {[%emt 0:00:41]} 12. Bb3 {[%emt 0:00:48]} Bg4 {[%emt 0:02:
31]} 13. Nfd4 {[%emt 0:01:43]} Nxd4 {[%emt 0:03:22]} 14. Qxd4 {[%emt 0:01:33]}
Be2 {[%emt 0:00:44]} 15. Nc3 {[%emt 0:01:56]} Bxf1 {[%emt 0:00:25]} 16. Kxf1 {
[%emt 0:01:25]} Qd6 {[%emt 0:00:45]} 17. g3 {[%emt 0:02:45]} Rfd8 {[%emt 0:04:
30]} 18. Rd1 {[%emt 0:03:55]} Qh6 {[%emt 0:28:55]} 19. Nxd5 {[%emt 0:03:20]}
Nxd5 {[%emt 0:02:27]} 20. Bxd5 {[%emt 0:00:15]} Qxh2 {[%emt 0:01:36]} 21. Qc4 {
[%emt 0:02:37]} Rd7 {[%emt 0:10:05]} 22. Qb5 {[%emt 0:02:35]} Qh3+ {[%emt 0:00:
18]} 23. Kg1 {[%emt 0:00:28]} Rad8 {[%emt 0:00:16]} 24. Qb3 {[%emt 0:00:56]}
Qf5 {[%emt 0:00:38]} 25. Bf3 {[%emt 0:00:50]} Rxd1+ 26. Bxd1 {[%emt 0:00:15]}
Qb1 {[%emt 0:00:10]} 0-1

[Event "European School Championships"]
[Site "Rhodes, Greece"]
[Date "2022.04.29"]
[Round "9.1"]
[White "Keber, Aljosa"]
[Black "Sozat, Arda"]
[Result "1/2-1/2"]
[WhiteElo "1511"]
[BlackElo "1591"]
[PlyCount "163"]
[EventDate "2022.04.21"]
[EventRounds "9"]

1. e4 {[%emt 0:00:08]} c5 {[%emt 0:00:09]} 2. Nf3 {[%emt 0:00:07]} e6 {[%emt 0:
00:03]} 3. d4 {[%emt 0:00:06]} cxd4 {[%emt 0:00:05]} 4. Nxd4 {[%emt 0:00:04]}
a6 {[%emt 0:00:03]} 5. g3 {[%emt 0:00:20]} Nf6 {[%emt 0:00:09]} 6. Bg2 {
[%emt 0:00:25]} Qc7 {[%emt 0:00:45]} 7. O-O {[%emt 0:00:30]} Nc6 {[%emt 0:00:
27]} 8. Nc3 {[%emt 0:06:04]} Bc5 {[%emt 0:00:24]} 9. Bf4 {[%emt 0:10:01]} e5 {
[%emt 0:06:28]} 10. Nxc6 {[%emt 0:00:42]} dxc6 {[%emt 0:00:10]} 11. Na4 {
[%emt 0:07:28]} Bg4 {[%emt 0:23:29]} 12. Qe1 {[%emt 0:02:45]} exf4 {[%emt 0:02:
20]} 13. Nxc5 {[%emt 0:00:37]} f3 {[%emt 0:00:55]} 14. Bh1 {[%emt 0:03:05]} Bh3
{[%emt 0:01:23]} 15. Qb4 {[%emt 0:03:25]} Bxf1 {[%emt 0:00:26]} 16. Rxf1 {
[%emt 0:00:51]} O-O {[%emt 0:00:52]} 17. Bxf3 {[%emt 0:03:33]} Rfe8 {[%emt 0:
08:19]} 18. Re1 {[%emt 0:05:42]} b6 {[%emt 0:01:59]} 19. Na4 {[%emt 0:07:16]}
Nd7 {[%emt 0:01:26]} 20. Bg2 {[%emt 0:00:48]} c5 {[%emt 0:00:41]} 21. Qd2 {
[%emt 0:01:16]} Rad8 {[%emt 0:01:24]} 22. Nc3 {[%emt 0:03:02]} Nf6 {[%emt 0:02:
00]} 23. Qe2 {[%emt 0:02:11]} b5 {[%emt 0:04:15]} 24. f4 {[%emt 0:03:18]} b4 {
[%emt 0:03:57]} 25. Nb1 {[%emt 0:01:29]} Qd7 {[%emt 0:05:34]} 26. e5 {[%emt 0:
09:20]} Qd4+ {[%emt 0:00:48]} 27. Qf2 {[%emt 0:00:33]} Ng4 {[%emt 0:01:31]} 28.
Qxd4 {[%emt 0:00:09]} cxd4 {[%emt 0:00:37]} 29. Nd2 {[%emt 0:01:57]} Ne3 {
[%emt 0:00:28]} 30. Be4 {[%emt 0:00:19]} Rc8 {[%emt 0:00:25]} 31. Rc1 {[%emt 0:
00:35]} f6 {[%emt 0:06:23]} 32. Nf3 {[%emt 0:03:49]} Rc5 {[%emt 0:03:41]} 33.
Bd3 {[%emt 0:05:07]} a5 {[%emt 0:09:53]} 34. exf6 {[%emt 0:01:33]} gxf6 {
[%emt 0:01:08]} 35. Nxd4 {[%emt 0:02:08]} Rd5 {[%emt 0:01:18]} 36. Ne2 {
[%emt 0:03:49]} Kg7 {[%emt 0:00:25]} 37. h3 {[%emt 0:01:29]} Nxc2 {[%emt 0:01:
24]} 38. Rxc2 {[%emt 0:05:41]} Rxd3 {[%emt 0:00:06]} 39. Kf2 {[%emt 0:00:05]}
a4 {[%emt 0:01:13]} 40. Nc1 {[%emt 0:00:33]} Rd1 {[%emt 0:01:27]} 41. Kf3 {
[%emt 0:01:16]} Red8 {[%emt 0:01:58]} 42. Ke3 {[%emt 0:04:05]} R8d4 {[%emt 0:
13:57]} 43. b3 {[%emt 0:07:35]} a3 {[%emt 0:04:13]} 44. h4 {[%emt 0:03:57]} h5
{[%emt 0:02:33]} 45. Ke2 {[%emt 0:05:12]} Kg6 {[%emt 0:00:56]} 46. Ke3 {
[%emt 0:00:15]} Kf5 {[%emt 0:01:16]} 47. Rc5+ {[%emt 0:00:47]} Kg4 {[%emt 0:00:
23]} 48. Rc8 {[%emt 0:01:38]} R4d2 {[%emt 0:01:26]} 49. Rg8+ {[%emt 0:00:55]}
Kh3 {[%emt 0:00:07]} 50. Rc8 {[%emt 0:00:05]} Kxg3 {[%emt 0:01:40]} 51. Rg8+ {
[%emt 0:00:32]} Kxh4 {[%emt 0:00:16]} 52. Ne2 {[%emt 0:00:04]} Rxe2+ {[%emt 0:
00:53]} 53. Kxe2 {[%emt 0:00:25]} Ra1 {[%emt 0:00:08]} 54. Kd3 {[%emt 0:01:04]}
Rxa2 {[%emt 0:00:08]} 55. Kc4 {[%emt 0:00:10]} Rc2+ {[%emt 0:00:11]} 56. Kxb4 {
[%emt 0:00:06]} a2 {[%emt 0:00:05]} 57. Rg1 {[%emt 0:00:09]} Rb2 {[%emt 0:00:
15]} 58. Ra1 {[%emt 0:00:10]} Kg4 {[%emt 0:00:07]} 59. Kc3 {[%emt 0:00:06]} Rf2
{[%emt 0:00:11]} 60. b4 {[%emt 0:00:19]} Kxf4 {[%emt 0:00:10]} 61. b5 {[%emt 0:
00:14]} Ke5 {[%emt 0:00:18]} 62. Rd1 {[%emt 0:00:18]} Rg2 {[%emt 0:00:31]} 63.
b6 {[%emt 0:01:14]} h4 {[%emt 0:04:36]} 64. Kb3 {[%emt 0:07:37]} Rg7 {[%emt 0:
07:01]} 65. Re1+ {[%emt 0:06:52]} Kd6 {[%emt 0:00:59]} 66. Rd1+ {[%emt 0:00:51]
} Kc6 {[%emt 0:00:37]} 67. Kxa2 {[%emt 0:01:40]} Kxb6 {[%emt 0:01:08]} 68. Rh1
{[%emt 0:02:37]} Rh7 {[%emt 0:00:07]} 69. Kb3 {[%emt 0:00:09]} Kc5 {[%emt 0:00:
10]} 70. Kc3 {[%emt 0:00:07]} Kd5 {[%emt 0:00:32]} 71. Kd3 {[%emt 0:00:10]} Ke5
{[%emt 0:01:11]} 72. Ke3 {[%emt 0:00:13]} f5 {[%emt 0:02:15]} 73. Kf3 {[%emt 0:
01:04]} f4 {[%emt 0:00:36]} 74. Re1+ {[%emt 0:01:41]} Kf5 {[%emt 0:00:06]} 75.
Re4 {[%emt 0:00:41]} Ra7 {[%emt 0:01:14]} 76. Rxf4+ {[%emt 0:00:07]} Kg5 {
[%emt 0:00:02]} 77. Rf8 {[%emt 0:00:53]} Ra2 {[%emt 0:01:13]} 78. Rg8+ {
[%emt 0:00:27]} Kf5 {[%emt 0:00:10]} 79. Rf8+ {[%emt 0:00:18]} Kg6 {[%emt 0:00:
34]} 80. Kg4 {[%emt 0:00:47]} Ra4+ {[%emt 0:00:05]} 81. Rf4 {[%emt 0:00:21]}
Rxf4+ {[%emt 0:00:06]} 82. Kxf4 {[%emt 0:00:02]} 1/2-1/2

[Event "European School Championships"]
[Site "Rhodes, Greece"]
[Date "2022.04.29"]
[Round "9.2"]
[White "Morkunas, Gustas"]
[Black "Morrison, Joseph"]
[Result "1-0"]
[WhiteElo "1938"]
[BlackElo "1328"]
[PlyCount "39"]
[EventDate "2022.04.21"]
[EventRounds "9"]

1. e4 {[%emt 0:00:03]} c6 {[%emt 0:00:27]} 2. d4 {[%emt 0:00:06]} d5 {[%emt 0:
00:09]} 3. exd5 {[%emt 0:00:06]} cxd5 {[%emt 0:00:05]} 4. Bd3 {[%emt 0:00:05]}
Nc6 {[%emt 0:00:26]} 5. c3 {[%emt 0:00:06]} Nf6 {[%emt 0:00:17]} 6. h3 {
[%emt 0:00:07]} g6 {[%emt 0:00:32]} 7. Bf4 {[%emt 0:00:50]} Bg7 {[%emt 0:02:46]
} 8. Nf3 {[%emt 0:00:19]} O-O {[%emt 0:00:29]} 9. O-O {[%emt 0:00:38]} Bf5 {
[%emt 0:00:53]} 10. Be2 {[%emt 0:01:04]} Re8 {[%emt 0:04:53]} 11. Nbd2 {
[%emt 0:05:12]} Ne4 {[%emt 0:09:25]} 12. g4 {[%emt 0:10:52]} Bc8 {[%emt 0:03:
06]} 13. Nxe4 {[%emt 0:09:57]} dxe4 {[%emt 0:00:29]} 14. Ng5 {[%emt 0:00:30]}
f5 {[%emt 0:01:11]} 15. Bc4+ {[%emt 0:03:31]} e6 {[%emt 0:01:04]} 16. gxf5 {
[%emt 0:04:03]} gxf5 {[%emt 0:05:10]} 17. Qh5 {[%emt 0:05:28]} Qe7 {[%emt 0:09:
22]} 18. Qxh7+ {[%emt 0:03:10]} Kf8 {[%emt 0:00:08]} 19. Qg6 {[%emt 0:00:13]}
Bd7 {[%emt 0:07:43]} 20. Bd6 {[%emt 0:00:07]} 1-0

[Event "European School Championships"]
[Site "Rhodes, Greece"]
[Date "2022.04.29"]
[Round "9.3"]
[White "Stathatos, Alexandros"]
[Black "Hobson, Kenneth"]
[Result "1-0"]
[WhiteElo "1815"]
[BlackElo "1674"]
[PlyCount "123"]
[EventDate "2022.04.21"]
[EventRounds "9"]

1. e4 {[%emt 0:00:02]} e5 {[%emt 0:00:05]} 2. Nf3 {[%emt 0:00:05]} Nc6 {
[%emt 0:00:05]} 3. Bb5 {[%emt 0:00:04]} a6 {[%emt 0:00:24]} 4. Ba4 {[%emt 0:00:
04]} Nf6 {[%emt 0:00:09]} 5. O-O {[%emt 0:00:05]} b5 {[%emt 0:00:31]} 6. Bb3 {
[%emt 0:00:04]} Bc5 {[%emt 0:00:13]} 7. c3 {[%emt 0:01:06]} d6 {[%emt 0:00:09]}
8. d3 {[%emt 0:00:04]} h6 {[%emt 0:00:29]} 9. Nbd2 {[%emt 0:01:24]} O-O {
[%emt 0:00:13]} 10. Re1 {[%emt 0:01:19]} Bb6 {[%emt 0:00:08]} 11. Nf1 {[%emt 0:
03:29]} Ne7 {[%emt 0:00:07]} 12. a4 {[%emt 0:05:13]} Rb8 {[%emt 0:00:23]} 13.
h3 {[%emt 0:03:52]} Ng6 {[%emt 0:00:08]} 14. Ng3 {[%emt 0:02:27]} Re8 {[%emt 0:
01:52]} 15. Be3 {[%emt 0:06:49]} c5 {[%emt 0:00:20]} 16. d4 {[%emt 0:07:25]}
exd4 {[%emt 0:02:36]} 17. cxd4 {[%emt 0:00:14]} Bb7 {[%emt 0:04:45]} 18. dxc5 {
[%emt 0:17:57]} dxc5 {[%emt 0:00:11]} 19. Nd2 {[%emt 0:00:27]} Ne5 {[%emt 0:11:
49]} 20. Bc2 {[%emt 0:03:18]} Nd3 {[%emt 0:03:36]} 21. Bxd3 {[%emt 0:00:28]}
Qxd3 {[%emt 0:00:02]} 22. Ra3 {[%emt 0:02:10]} Qd8 {[%emt 0:07:52]} 23. Qf3 {
[%emt 0:03:42]} Bc7 {[%emt 0:05:02]} 24. Bf4 {[%emt 0:05:16]} Bxf4 {[%emt 0:03:
55]} 25. Qxf4 {[%emt 0:00:02]} Qd4 {[%emt 0:03:48]} 26. Nf5 {[%emt 0:03:16]}
Nh5 {[%emt 0:08:11]} 27. Qxb8 {[%emt 0:04:41]} Rxb8 {[%emt 0:04:13]} 28. Nxd4 {
[%emt 0:00:04]} cxd4 {[%emt 0:00:08]} 29. axb5 {[%emt 0:02:59]} axb5 {[%emt 0:
00:26]} 30. g3 {[%emt 0:01:17]} Nf6 {[%emt 0:02:03]} 31. Rd3 {[%emt 0:00:50]}
Rd8 {[%emt 0:01:29]} 32. f3 {[%emt 0:02:09]} Nh7 {[%emt 0:04:10]} 33. Nb3 {
[%emt 0:04:23]} f5 {[%emt 0:02:04]} 34. Rxd4 {[%emt 0:02:08]} Rxd4 {[%emt 0:01:
08]} 35. Nxd4 {[%emt 0:00:01]} fxe4 {[%emt 0:00:11]} 36. fxe4 {[%emt 0:05:02]}
Ng5 {[%emt 0:00:23]} 37. e5 {[%emt 0:00:24]} Nxh3+ {[%emt 0:00:49]} 38. Kh2 {
[%emt 0:01:58]} Ng5 {[%emt 0:00:08]} 39. e6 {[%emt 0:00:28]} Kf8 {[%emt 0:00:
31]} 40. g4 {[%emt 0:01:05]} g6 {[%emt 0:07:06]} 41. e7+ {[%emt 0:01:06]} Ke8 {
[%emt 0:00:06]} 42. Kg3 {[%emt 0:00:23]} h5 {[%emt 0:01:47]} 43. gxh5 {[%emt 0:
05:44]} gxh5 {[%emt 0:00:15]} 44. Nxb5 {[%emt 0:02:17]} h4+ {[%emt 0:00:38]}
45. Kg4 {[%emt 0:00:07]} Ne4 {[%emt 0:00:36]} 46. Rxe4 {[%emt 0:00:10]} Bxe4
47. Nd6+ {[%emt 0:00:07]} Kxe7 {[%emt 0:00:05]} 48. Nxe4 {[%emt 0:00:02]} Ke6 {
[%emt 0:00:11]} 49. b4 {[%emt 0:00:09]} Kd5 {[%emt 0:00:35]} 50. b5 {[%emt 0:
00:09]} Ke6 {[%emt 0:00:18]} 51. Kxh4 {[%emt 0:00:04]} Kd7 {[%emt 0:00:05]} 52.
Kg4 {[%emt 0:00:03]} Kc7 {[%emt 0:00:04]} 53. Kf4 {[%emt 0:00:03]} Kb6 {
[%emt 0:00:05]} 54. Nc3 {[%emt 0:00:02]} Kc5 {[%emt 0:00:52]} 55. Ke5 {[%emt 0:
00:04]} Kb6 {[%emt 0:00:10]} 56. Kd6 {[%emt 0:00:02]} Kb7 {[%emt 0:00:06]} 57.
Kc5 {[%emt 0:00:04]} Kc7 {[%emt 0:00:05]} 58. b6+ {[%emt 0:00:02]} Kb7 {
[%emt 0:00:05]} 59. Kb5 {[%emt 0:00:06]} Kb8 {[%emt 0:00:08]} 60. Ka6 {[%emt 0:
00:17]} Ka8 {[%emt 0:00:06]} 61. b7+ {[%emt 0:00:05]} Kb8 {[%emt 0:00:12]} 62.
Na4 1-0